[Event "World Senior chT-65 2019"]
[Site "Rhodes"]
[Date "2019.04.23"]
[Round "8.44"]
[White "Gunnarsson, Lennart"]
[Black "Kauko, Pekka"]
[Result "1-0"]
[WhiteElo "1752"]
[BlackElo "1902"]
[Annotator "NA RC"]
[PlyCount "103"]
[EventDate "2019.04.16"]
[EventType "team-tourn"]
[EventCountry "GRE"]
[SourceTitle "playchess.com"]
[Source "ChessBase"]
[SourceQuality "1"]
[WhiteTeam "Sweden"]
[BlackTeam "Finland"]
[WhiteTeamCountry "SWE"]
[BlackTeamCountry "FIN"]
[TimeControl "40/5400+30:1800+30"]

1. d4 {[%emt 0:00:00]} d5 {[%emt 0:00:00]} 2. c4 {[%emt 0:00:00]} c6 {[%emt 0:00:00]} 3. Nc3 {[%emt 0:01:12]} Nf6 {[%emt 0:00:13]} 4. Bg5 {[%emt 0:01:07]} g6 {[%emt 0:00:28]} 5. Bxf6 {[%emt 0:02:20]} exf6 {[%emt 0:00:04]} 6. e3 {[%emt 0:00:38]} Bg7 {[%emt 0:00:35]} 7. cxd5 {[%emt 0:00:51]} cxd5 {[%emt 0:00:12]} 8. Qb3 {[%emt 0:00:29]} O-O {[%emt 0:00:46]} 9. Qxd5 {[%emt 0:00:42]} Qe7 {[%emt 0:00:42]} 10. Qb3 {[%emt 0:10:52]} Nc6 {[%emt 0:00:38]} 11. Be2 {[%emt 0:04:02]} f5 {[%emt 0:02:12]} 12. Nf3 {[%emt 0:05:45]} f4 {[%emt 0:00:39]} 13. Nd5 {[%emt 0:01:45]} Qd8 {[%emt 0:04:58]} 14. Nxf4 {[%emt 0:01:04]} Re8 {[%emt 0:09:48]} 15. Rd1 {[%emt 0:04:23]} Bh6 {[%emt 0:02:48]} 16. g3 {[%emt 0:14:34]} Na5 {[%emt 0:03:38]} 17. Qd5 {[%emt 0:04:52]} Qb6 {[%emt 0:01:25]} 18. Ng5 {[%emt 0:03:02]} Bxg5 {[%emt 0:01:22]} 19. Qxg5 {[%emt 0:00:08]} Qb4+ {[%emt 0:00:58]} 20. Kf1 {[%emt 0:01:34]} Bf5 {[%emt 0:03:10]} 21. Nd5 {[%emt 0:04:02]} Bh3+ {[%emt 0:02:45]} 22. Kg1 {[%emt 0:00:27]} Qxb2 {[%emt 0:01:40]} 23. Nf6+ {[%emt 0:07:16]} Kg7 {[%emt 0:00:08]} 24. Nxe8+ {[%emt 0:00:23]} Rxe8 {[%emt 0:00:01]} 25. Qb5 {[%emt 0:00:32]} Qxa2 {[%emt 0:06:41]} 26. Bf3 {[%emt 0:02:59]} Re6 {[%emt 0:00:55]} 27. Qe2 {[%emt 0:01:26]} Qa4 {[%emt 0:02:36]} 28. Bg4 {[%emt 0:01:26]} Bxg4 {[%emt 0:02:04]} 29. Qxg4 {[%emt 0:00:02]} h5 {[%emt 0:02:04]} 30. Qe2 {[%emt 0:00:29]} Rf6 {[%emt 0:01:33]} 31. d5 {[%emt 0:01:19]} Nc4 {[%emt 0:00:52]} 32. Kg2 {[%emt 0:02:07]} Nd6 {[%emt 0:00:45]} 33. Rd4 {[%emt 0:00:49]} Qd7 {[%emt 0:02:35]} 34. e4 {[%emt 0:01:01]} Nb5 {[%emt 0:00:17]} 35. Rd2 {[%emt 0:03:51]} h4 {[%emt 0:00:46]} 36. Re1 {[%emt 0:01:23]} h3+ {[%emt 0:00:19]} 37. Kg1 {[%emt 0:00:42]} Rd6 {[%emt 0:01:56]} 38. Qf3 {[%emt 0:02:47]} f6 {[%emt 0:01:29]} 39. g4 {[%emt 0:00:26]} Qc7 {[%emt 0:01:36]} 40. Qxh3 {[%emt 0:00:00]} Qc4 {[%emt 0:00:00]} 41. Qd3 {[%emt 0:03:09]} Qa4 {[%emt 0:06:41]} 42. h3 {[%emt 0:01:32]} a6 {[%emt 0:00:55]} 43. g5 {[%emt 0:00:31]} Qa5 {[%emt 0:01:48]} 44. gxf6+ {[%emt 0:01:54]} Rxf6 {[%emt 0:00:02]} 45. e5 {[%emt 0:00:40]} Rf3 {[%emt 0:00:43]} 46. Re3 {[%emt 0:01:15]} Rf4 {[%emt 0:01:50]} 47. Rg3 {[%emt 0:01:37]} Qa1+ {[%emt 0:03:29]} 48. Kg2 {[%emt 0:00:58]} Qxe5 {[%emt 0:00:11]} 49. Qxg6+ {[%emt 0:00:34]} Kf8 {[%emt 0:00:19]} 50. Qg8+ {[%emt 0:00:31]} Ke7 {[%emt 0:00:10]} 51. Rg7+ {[%emt 0:01:08]} Kd6 {[%emt 0:01:16]} 52. Qb8+ {[%emt 0:00:19] Kxd5 [%emt 00:00:08]} 1-0

[Event "World Senior chT-65 2019"]
[Site "Rhodes"]
[Date "2019.04.24"]
[Round "9.1"]
[White "Renman, Nils-Gustaf"]
[Black "Sveshnikov, Evgeny"]
[Result "1/2-1/2"]
[WhiteElo "2358"]
[BlackElo "2481"]
[Annotator "ChessBase"]
[PlyCount "52"]
[EventDate "2019.04.16"]
[EventType "team-tourn"]
[EventCountry "GRE"]
[SourceTitle "playchess.com"]
[Source "ChessBase"]
[SourceQuality "1"]
[WhiteTeam "Sweden"]
[BlackTeam "Russia"]
[WhiteTeamCountry "SWE"]
[BlackTeamCountry "RUS"]
[TimeControl "40/5400+30:1800+30"]

1. d4 {[%emt 0:01:40]} d5 {[%emt 0:00:00]} 2. Nf3 {[%emt 0:00:14]} Nf6 {[%emt 0:00:00]} 3. c4 {[%emt 0:00:05]} e6 {[%emt 0:00:00]} 4. Nc3 {[%emt 0:00:09]} c6 {[%emt 0:00:04]} 5. Bg5 {[%emt 0:00:25]} Nbd7 {[%emt 0:00:47]} 6. e3 {[%emt 0:00:14]} Qa5 {[%emt 0:00:21]} 7. Nd2 {[%emt 0:00:12]} dxc4 {[%emt 0:00:45]} 8. Bxf6 {[%emt 0:00:15]} Nxf6 {[%emt 0:00:09]} 9. Nxc4 {[%emt 0:00:17]} Qc7 {[%emt 0:00:25]} 10. Be2 {[%emt 0:00:26]} Be7 {[%emt 0:00:23]} 11. O-O {[%emt 0:00:19]} O-O {[%emt 0:00:09]} 12. Rc1 {[%emt 0:04:18]} Rd8 {[%emt 0:05:25]} 13. Qb3 {[%emt 0:02:26]} Nd5 {[%emt 0:02:46]} 14. Bf3 {[%emt 0:07:43]} Bd7 {[%emt 0:07:25]} 15. g3 {[%emt 0:07:09]} Be8 {[%emt 0:01:36]} 16. Rfd1 {[%emt 0:01:04]} Rac8 {[%emt 0:01:48]} 17. Ne4 {[%emt 0:06:46]} Qb8 {[%emt 0:05:43]} 18. a3 {[%emt 0:10:42]} b6 {[%emt 0:03:02]} 19. Qa2 {[%emt 0:04:05]} a5 {[%emt 0:04:55]} 20. b3 {[%emt 0:08:00]} h6 {[%emt 0:05:56]} 21. Qb2 {[%emt 0:03:35]} Qa7 {[%emt 0:01:56]} 22. Ne5 {[%emt 0:01:08]} c5 {[%emt 0:02:25]} 23. dxc5 {[%emt 0:00:54]} bxc5 {[%emt 0:00:02]} 24. Nc3 {[%emt 0:07:31]} Nxc3 {[%emt 0:01:07]} 25. Qxc3 {[%emt 0:00:06]} Rxd1+ {[%emt 0:01:28]} 26. Bxd1 {[%emt 0:01:10]} Bf6 {[%emt 0:04:39]} 1/2-1/2

[Event "World Senior chT-65 2019"]
[Site "Rhodes"]
[Date "2019.04.24"]
[Round "9.2"]
[White "Balashov, Yuri S"]
[Black "Uddenfeldt, Dan"]
[Result "1/2-1/2"]
[WhiteElo "2470"]
[BlackElo "2339"]
[Annotator "TA"]
[PlyCount "50"]
[EventDate "2019.04.16"]
[EventType "team-tourn"]
[EventCountry "GRE"]
[SourceTitle "playchess.com"]
[Source "ChessBase"]
[SourceQuality "1"]
[WhiteTeam "Russia"]
[BlackTeam "Sweden"]
[WhiteTeamCountry "RUS"]
[BlackTeamCountry "SWE"]

{[%evp 18,50,31,2,55,62,42,16,0,0,0,0,-12,-13,-7,-18,-16,-10,-10,-22,-19,-23,-6,-25,-9,-8,8,8,13,0,0,-4,-4,-12,-5]} 1. d4 Nf6 2. c4 e6 3. Nc3 Bb4 4. e3 c5 5. Bd3 Nc6 6. Nf3 d5 7. O-O dxc4 8. Bxc4 O-O 9. a3 Ba5 10. Bd3 Qe7 {E56: Nimzo-Indian: Rubinstein: Main Line: 7...Nc6} (10... h6 $11) 11. Ne4 $14 cxd4 12. exd4 {Black should prevent Bg5.} h6 13. Be3 $146 ({Predecessor:} 13. b4 Bb6 14. Bb2 Rd8 15. Ng3 Qd6 16. Ne2 Bd7 {1-0 (51) Nisipeanu,L (2648)-Atalik,S (2603) Burgas 2012}) 13... Rd8 14. Nxf6+ Qxf6 15. Be4 Bb6 {[%cal Rc6d4]} 16. Bxc6 bxc6 17. Qc2 Bb7 18. Rfd1 Rd5 19. b4 Rad8 20. Rac1 Bc7 21. h3 {The position is equal.} Bd6 22. Nd2 a5 23. Ne4 Qe7 24. Nc5 axb4 25. axb4 Bxc5 {Accuracy: White = 60%, Black = 49%.} 1/2-1/2

[Event "World Senior chT-65 2019"]
[Site "Rhodes"]
[Date "2019.04.24"]
[Round "9.4"]
[White "Pushkov, Nikolai"]
[Black "Hedin, Gunnar"]
[Result "1/2-1/2"]
[WhiteElo "2295"]
[BlackElo "2195"]
[Annotator "NA"]
[PlyCount "64"]
[EventDate "2019.04.16"]
[EventType "team-tourn"]
[EventCountry "GRE"]
[SourceTitle "playchess.com"]
[Source "ChessBase"]
[SourceQuality "1"]
[WhiteTeam "Russia"]
[BlackTeam "Sweden"]
[WhiteTeamCountry "RUS"]
[BlackTeamCountry "SWE"]
[TimeControl "40/5400+30:1800+30"]

1. d4 {[%emt 0:00:00]} f5 {[%emt 0:00:00]} 2. Nf3 {[%emt 0:00:00]} Nf6 {[%emt 0:00:10]} 3. g3 {[%emt 0:00:07]} g6 {[%emt 0:00:14]} 4. Bg2 {[%emt 0:00:08]} Bg7 {[%emt 0:00:06]} 5. O-O {[%emt 0:00:10]} O-O {[%emt 0:00:07]} 6. b4 {[%emt 0:01:06]} Nc6 {[%emt 0:02:49]} 7. a3 {[%emt 0:00:58]} Ne4 {[%emt 0:02:12]} 8. Bb2 {[%emt 0:00:05]} d5 {[%emt 0:13:21]} 9. Nbd2 {[%emt 0:02:55]} a6 {[%emt 0:05:34]} 10. Ne5 {[%emt 0:04:10]} Nxe5 {[%emt 0:03:24]} 11. dxe5 {[%emt 0:00:10]} Nxd2 {[%emt 0:01:15]} 12. Qxd2 {[%emt 0:00:03]} c6 {[%emt 0:00:10]} 13. Bd4 {[%emt 0:07:32]} Be6 {[%emt 0:07:55]} 14. f4 {[%emt 0:01:50]} a5 {[%emt 0:17:49]} 15. Qe3 {[%emt 0:05:29]} Qd7 {[%emt 0:05:36]} 16. Bb6 {[%emt 0:02:14]} axb4 {[%emt 0:01:10]} 17. axb4 {[%emt 0:00:02]} Rfc8 {[%emt 0:03:12]} 18. Qd4 {[%emt 0:08:16]} Qe8 {[%emt 0:05:14]} 19. e3 {[%emt 0:00:58]} Rxa1 {[%emt 0:01:39]} 20. Rxa1 {[%emt 0:00:03]} Ra8 {[%emt 0:00:07]} 21. Bf1 {[%emt 0:04:13]} Rxa1 {[%emt 0:02:42]} 22. Qxa1 {[%emt 0:00:07]} Qb8 {[%emt 0:02:18]} 23. Be2 {[%emt 0:03:35]} Kf7 {[%emt 0:01:35]} 24. h3 {[%emt 0:01:03]} h5 {[%emt 0:02:47]} 25. Kf2 {[%emt 0:00:43]} Kg8 {[%emt 0:06:08]} 26. Qa5 {[%emt 0:03:13]} Kf7 {[%emt 0:00:50]} 27. Bd4 {[%emt 0:02:42]} Qc8 {[%emt 0:01:47]} 28. Qa7 {[%emt 0:00:58]} b5 {[%emt 0:01:47]} 29. Bc5 {[%emt 0:07:49]} Bf8 {[%emt 0:01:16]} 30. c3 {[%emt 0:00:59]} Qd7 {[%emt 0:00:37]} 31. Qb8 {[%emt 0:06:16]} Qc8 {[%emt 0:00:30]} 32. Qa7 {[%emt 0:07:52]} Qd7 {[%emt 0:01:46]} 1/2-1/2

[Event "World Senior chT-65 2019"]
[Site "Rhodes"]
[Date "2019.04.24"]
[Round "9.5"]
[White "Vaisser, Anatoli"]
[Black "Knaak, Rainer"]
[Result "1/2-1/2"]
[WhiteElo "2482"]
[BlackElo "2482"]
[Annotator "ChessBase"]
[PlyCount "31"]
[EventDate "2019.04.16"]
[EventType "team-tourn"]
[EventCountry "GRE"]
[SourceTitle "playchess.com"]
[Source "ChessBase"]
[SourceQuality "1"]
[WhiteTeam "France"]
[BlackTeam "Germany"]
[WhiteTeamCountry "FRA"]
[BlackTeamCountry "GER"]
[TimeControl "40/5400+30:1800+30"]

1. d4 {[%emt 0:00:00]} d5 {[%emt 0:00:00]} 2. c4 {[%emt 0:00:00]} e6 {[%emt 0:00:00]} 3. Nc3 {[%emt 0:00:00]} Nf6 {[%emt 0:00:20]} 4. cxd5 {[%emt 0:00:00]} exd5 {[%emt 0:00:07]} 5. Bg5 {[%emt 0:00:04]} Be7 {[%emt 0:00:38]} 6. e3 {[%emt 0:00:09]} Nbd7 {[%emt 0:00:47]} 7. Bd3 {[%emt 0:00:10]} O-O {[%emt 0:00:30]} 8. Nf3 {[%emt 0:00:46]} c6 {[%emt 0:00:23]} 9. Qc2 {[%emt 0:00:37]} Re8 {[%emt 0:00:14]} 10. O-O {[%emt 0:01:23]} Nf8 {[%emt 0:00:16]} 11. Ne5 {[%emt 0:00:27]} N6d7 {[%emt 0:01:03]} 12. Bxe7 {[%emt 0:00:35]} Qxe7 {[%emt 0:00:34]} 13. Nxd7 {[%emt 0:00:14]} Bxd7 {[%emt 0:00:20]} 14. b4 {[%emt 0:00:43]} a6 {[%emt 0:03:53]} 15. a4 {[%emt 0:00:56]} Qd6 {[%emt 0:02:18]} 16. Rab1 {[%emt 0:00:41]} 1/2-1/2

[Event "World Senior chT-65 2019"]
[Site "Rhodes"]
[Date "2019.04.24"]
[Round "9.6"]
[White "Vogt, Lothar"]
[Black "Sharif, Mehrshad"]
[Result "1/2-1/2"]
[WhiteElo "2362"]
[BlackElo "2331"]
[Annotator "ChessBase"]
[PlyCount "25"]
[EventDate "2019.04.16"]
[EventType "team-tourn"]
[EventCountry "GRE"]
[SourceTitle "playchess.com"]
[Source "ChessBase"]
[SourceQuality "1"]
[WhiteTeam "Germany"]
[BlackTeam "France"]
[WhiteTeamCountry "GER"]
[BlackTeamCountry "FRA"]
[TimeControl "40/5400+30:1800+30"]

1. e4 {[%emt 0:00:00]} e6 {[%emt 0:00:00]} 2. d3 {[%emt 0:00:00]} d5 {[%emt 0:00:25]} 3. Nd2 {[%emt 0:00:00]} Nf6 {[%emt 0:00:27]} 4. Ngf3 {[%emt 0:00:00]} Nc6 {[%emt 0:00:47]} 5. c3 {[%emt 0:01:38]} e5 {[%emt 0:00:26]} 6. Be2 {[%emt 0:00:10]} a5 {[%emt 0:00:31]} 7. O-O {[%emt 0:00:07]} Be7 {[%emt 0:00:56]} 8. Re1 {[%emt 0:03:56]} O-O {[%emt 0:01:09]} 9. b3 {[%emt 0:04:24]} Qd6 {[%emt 0:11:34]} 10. Bb2 {[%emt 0:02:07]} Rd8 {[%emt 0:03:20]} 11. Qc2 {[%emt 0:01:12]} dxe4 {[%emt 0:01:21]} 12. dxe4 {[%emt 0:00:36]} Nh5 {[%emt 0:01:52]} 13. g3 {[%emt 0:08:03]} 1/2-1/2

[Event "World Senior chT-65 2019"]
[Site "Rhodes"]
[Date "2019.04.24"]
[Round "9.8"]
[White "Buchal, Stephan"]
[Black "Boudre, Jean-Pierre"]
[Result "1/2-1/2"]
[WhiteElo "2283"]
[BlackElo "2246"]
[Annotator "TA"]
[PlyCount "115"]
[EventDate "2019.04.16"]
[EventType "team-tourn"]
[EventCountry "GRE"]
[SourceTitle "playchess.com"]
[Source "ChessBase"]
[SourceQuality "1"]
[WhiteTeam "Germany"]
[BlackTeam "France"]
[WhiteTeamCountry "GER"]
[BlackTeamCountry "FRA"]

{[%evp 14,115,7,0,23,0,-11,-22,-8,-30,-27,-35,-26,-38,-42,-64,-68,-91,-58,-47,-47,-64,-39,-45,-42,-66,-60,-62,-66,-93,-77,-72,-72,-75,-74,-72,-58,-53,-47,-60,-36,-60,-22,-44,-13,-21,-20,-16,-15,-12,-15,-15,-18,-23,-14,-14,0,-19,0,0,0,0,0,0,0,0,0,0,0,0,0,2,2,2,10,10,16,0,0,0,0,0,0,0,0,0,0,0,0,0,0,0,0,0,0,0,0,0,0,0,0,0,0,0]} 1. Nf3 Nf6 2. c4 e6 3. g3 a6 4. Bg2 b5 5. b3 c5 6. O-O Bb7 7. Bb2 Be7 8. Nc3 Qb6 {A13: English Opening: 1...e6} (8... bxc4 9. bxc4 O-O 10. Rb1 d6 11. Ba1 Bc6 12. e3 Nbd7 13. d4 cxd4 14. exd4 Bxf3 15. Bxf3 Rc8 16. Be2 {½-½ (91) Radjabov,T (2748)-Akopian,V (2691) Khanty-Mansiysk 2010}) 9. d3 O-O 10. e4 d6 11. Qc2 Nc6 12. Rad1 Nd4 $146 ({Predecessor:} 12... Nd7 13. Ne2 bxc4 14. dxc4 Rad8 15. Nf4 Qc7 16. Rd2 {½-½ (80) Pascua,H (2386)-Nguyen,V (2504) Tagaytay City 2013}) 13. Nxd4 cxd4 14. Ne2 e5 15. h3 bxc4 16. bxc4 Bc6 17. Ra1 Rab8 18. Rfb1 $1 Qc7 19. Bc1 Nd7 20. Rxb8 Rxb8 21. Rb1 Nc5 {...Ba4 is the strong threat.} 22. Ba3 Ba4 23. Rxb8+ Qxb8 24. Qd2 g6 25. Nc1 Bd8 26. Bf3 Kg7 27. Kg2 h6 28. h4 Bd7 29. Nb3 Na4 30. c5 dxc5 31. Nxc5 Nxc5 32. Bxc5 Qb1 33. a3 a5 34. Bd1 {The position is equal.} Qb8 35. Qc2 g5 36. hxg5 hxg5 37. Qc4 {Threatening Qd5.} Be6 38. Qa6 Qc8 39. Qd6 Bc7 40. Qe7 Qd8 41. Qxd8 Bxd8 $11 {[%mdl 4096] Endgame KBB-KBB} 42. f4 gxf4 43. gxf4 f6 44. Bd6 exf4 45. Bc5 Bc7 46. Bxd4 Kg6 47. Bb2 Kg5 48. d4 Kh4 49. Bf3 (49. Bc3 {looks sharper.} Bg4 50. Bf3 Bh3+ 51. Kf2 Kg5 52. Be2) 49... Bh3+ 50. Kh2 Bg4 51. Kg2 Bh3+ 52. Kf2 Bb6 53. Bc3 Bd7 54. Kg2 Bh3+ 55. Kf2 Bd7 56. Kg2 Bh3+ 57. Kh2 {[#] Threatens to win with Be1+.} Bg4 58. Kg2 {Accuracy: White = 51%, Black = 64%.} 1/2-1/2

[Event "World Senior chT-65 2019"]
[Site "Rhodes"]
[Date "2019.04.24"]
[Round "9.9"]
[White "Westerinen, Heikki M.J."]
[Black "Birnboim, Nathan"]
[Result "1/2-1/2"]
[WhiteElo "2286"]
[BlackElo "2365"]
[Annotator "NA"]
[PlyCount "66"]
[EventDate "2019.04.16"]
[EventType "team-tourn"]
[EventCountry "GRE"]
[SourceTitle "playchess.com"]
[Source "ChessBase"]
[SourceQuality "1"]
[WhiteTeam "Finland"]
[BlackTeam "Israel"]
[WhiteTeamCountry "FIN"]
[BlackTeamCountry "ISR"]
[TimeControl "40/5400+30:1800+30"]

1. e4 {[%emt 0:00:00]} c5 {[%emt 0:00:00]} 2. Nf3 {[%emt 0:00:07]} Nc6 {[%emt 0:00:00]} 3. d4 {[%emt 0:00:26]} cxd4 {[%emt 0:00:00]} 4. Nxd4 {[%emt 0:00:17]} Nf6 {[%emt 0:00:02]} 5. Nc3 {[%emt 0:00:14]} e6 {[%emt 0:00:24]} 6. a3 {[%emt 0:13:54]} d6 {[%emt 0:08:01]} 7. Be2 {[%emt 0:01:00]} Be7 {[%emt 0:00:44]} 8. O-O {[%emt 0:00:44]} O-O {[%emt 0:00:14]} 9. Be3 {[%emt 0:02:15]} Bd7 {[%emt 0:00:34]} 10. Qd2 {[%emt 0:05:18]} a6 {[%emt 0:09:52]} 11. Rad1 {[%emt 0:02:15]} Qc7 {[%emt 0:00:36]} 12. f4 {[%emt 0:06:26]} Rac8 {[%emt 0:11:19]} 13. Nb3 {[%emt 0:01:46]} Rfd8 {[%emt 0:20:07]} 14. Bf3 {[%emt 0:01:11]} Be8 {[%emt 0:01:59]} 15. Qf2 {[%emt 0:03:18]} Nd7 {[%emt 0:00:57]} 16. Rd2 {[%emt 0:08:19]} Bf6 {[%emt 0:08:36]} 17. Rfd1 {[%emt 0:00:41]} Be7 {[%emt 0:06:59]} 18. Be2 {[%emt 0:19:57]} b5 {[%emt 0:03:01]} 19. f5 {[%emt 0:01:59]} Rb8 {[%emt 0:01:41]} 20. g4 {[%emt 0:04:28]} Nde5 {[%emt 0:02:06]} 21. g5 {[%emt 0:01:55]} b4 {[%emt 0:03:00]} 22. axb4 {[%emt 0:00:25]} Rxb4 {[%emt 0:00:06]} 23. h4 {[%emt 0:06:47]} a5 {[%emt 0:03:51]} 24. Nd4 {[%emt 0:01:42]} Nxd4 {[%emt 0:01:06]} 25. Bxd4 {[%emt 0:00:09]} d5 {[%emt 0:01:36]} 26. exd5 {[%emt 0:07:24]} Rxd4 {[%emt 0:03:03]} 27. Rxd4 {[%emt 0:00:14]} Bc5 {[%emt 0:00:16]} 28. Ne4 {[%emt 0:05:43]} Bxd4 {[%emt 0:00:08]} 29. Rxd4 {[%emt 0:00:18]} Qxc2 {[%emt 0:02:26]} 30. dxe6 {[%emt 0:01:56]} Rxd4 {[%emt 0:00:50]} 31. Qxd4 {[%emt 0:00:04]} Qxe2 {[%emt 0:01:53]} 32. Qxe5 {[%emt 0:00:16]} Qe1+ {[%emt 0:01:20]} 33. Kg2 {[%emt 0:00:32]} Qe2+ {[%emt 0:00:19]} 1/2-1/2

[Event "World Senior chT-65 2019"]
[Site "Rhodes"]
[Date "2019.04.24"]
[Round "9.10"]
[White "Berkovich, Mark A"]
[Black "Rantanen, Yrjo A."]
[Result "1/2-1/2"]
[WhiteElo "2332"]
[BlackElo "2283"]
[Annotator "NA"]
[PlyCount "44"]
[EventDate "2019.04.16"]
[EventType "team-tourn"]
[EventCountry "GRE"]
[SourceTitle "playchess.com"]
[Source "ChessBase"]
[SourceQuality "1"]
[WhiteTeam "Israel"]
[BlackTeam "Finland"]
[WhiteTeamCountry "ISR"]
[BlackTeamCountry "FIN"]
[TimeControl "40/5400+30:1800+30"]

1. d4 {[%emt 0:00:44]} d5 {[%emt 0:00:12]} 2. Nf3 {[%emt 0:00:08]} Nf6 {[%emt 0:00:09]} 3. e3 {[%emt 0:00:05]} e6 {[%emt 0:00:32]} 4. Bd3 {[%emt 0:00:08]} c5 {[%emt 0:00:25]} 5. c3 {[%emt 0:00:11]} Nc6 {[%emt 0:00:16]} 6. O-O {[%emt 0:00:14]} Bd6 {[%emt 0:00:17]} 7. dxc5 {[%emt 0:00:06]} Bxc5 {[%emt 0:00:02]} 8. Nbd2 {[%emt 0:00:07]} a5 {[%emt 0:13:14]} 9. e4 {[%emt 0:00:10]} e5 {[%emt 0:00:18]} 10. exd5 {[%emt 0:04:29]} Qxd5 {[%emt 0:01:21]} 11. Qc2 {[%emt 0:00:28]} Bg4 {[%emt 0:18:15]} 12. Bc4 {[%emt 0:13:12]} Qd7 {[%emt 0:13:15]} 13. Bb5 {[%emt 0:12:26]} Bd6 {[%emt 0:34:15]} 14. Re1 {[%emt 0:24:46]} O-O {[%emt 0:00:00]} 15. Nxe5 {[%emt 0:05:06]} Qc7 {[%emt 0:00:00]} 16. Nxg4 {[%emt 0:02:08]} Nxg4 {[%emt 0:00:00]} 17. Nf3 {[%emt 0:05:32]} Bxh2+ {[%emt 0:00:00]} 18. Kf1 {[%emt 0:04:15]} Rae8 {[%emt 0:04:12]} 19. Bg5 {[%emt 0:00:09]} Bf4 {[%emt 0:07:43]} 20. Qf5 {[%emt 0:10:24]} Bxg5 {[%emt 0:00:00]} 21. Nxg5 {[%emt 0:02:39]} Nf6 {[%emt 0:04:59]} 22. g3 {[%emt 0:04:29]} Ng4 {[%emt 0:00:02]} 1/2-1/2

[Event "World Senior chT-65 2019"]
[Site "Rhodes"]
[Date "2019.04.24"]
[Round "9.11"]
[White "Hurme, Harri"]
[Black "Maryasin, Boris"]
[Result "0-1"]
[WhiteElo "2148"]
[BlackElo "2297"]
[Annotator "NA"]
[PlyCount "76"]
[EventDate "2019.04.16"]
[EventType "team-tourn"]
[EventCountry "GRE"]
[SourceTitle "playchess.com"]
[Source "ChessBase"]
[SourceQuality "1"]
[WhiteTeam "Finland"]
[BlackTeam "Israel"]
[WhiteTeamCountry "FIN"]
[BlackTeamCountry "ISR"]
[TimeControl "40/5400+30:1800+30"]

1. d4 {[%emt 0:00:00]} d5 {[%emt 0:00:14]} 2. c4 {[%emt 0:00:00]} dxc4 {[%emt 0:00:05]} 3. e3 {[%emt 0:00:02]} e5 {[%emt 0:00:26]} 4. Bxc4 {[%emt 0:00:10]} Nc6 {[%emt 0:00:12]} 5. Nf3 {[%emt 0:04:18]} e4 {[%emt 0:00:28]} 6. Nfd2 {[%emt 0:01:39]} Qg5 {[%emt 0:00:27]} 7. Kf1 {[%emt 0:05:01]} Nf6 {[%emt 0:01:12]} 8. Nc3 {[%emt 0:00:50]} Qg6 {[%emt 0:00:51]} 9. a3 {[%emt 0:06:57]} Bd6 {[%emt 0:04:13]} 10. b4 {[%emt 0:06:14]} O-O {[%emt 0:00:46]} 11. Bb2 {[%emt 0:01:15]} Bf5 {[%emt 0:06:20]} 12. Ne2 {[%emt 0:05:51]} Ne7 {[%emt 0:04:30]} 13. Ng3 {[%emt 0:02:33]} c6 {[%emt 0:06:34]} 14. Nxf5 {[%emt 0:03:24]} Qxf5 {[%emt 0:00:27]} 15. Be2 {[%emt 0:01:40]} Ned5 {[%emt 0:05:06]} 16. Kg1 {[%emt 0:02:25]} h5 {[%emt 0:00:00]} 17. Nc4 {[%emt 0:01:11]} Bc7 {[%emt 0:00:00]} 18. Qb3 {[%emt 0:06:22]} Ng4 {[%emt 0:06:10]} 19. Rf1 {[%emt 0:00:50]} b5 {[%emt 0:00:32]} 20. Nd2 {[%emt 0:05:32]} a5 {[%emt 0:04:02]} 21. f3 {[%emt 0:11:42]} exf3 {[%emt 0:03:32]} 22. Rxf3 {[%emt 0:01:05]} Qe6 {[%emt 0:01:28]} 23. e4 {[%emt 0:05:35]} axb4 {[%emt 0:01:53]} 24. Bf1 {[%emt 0:02:42]} bxa3 {[%emt 0:06:30]} 25. Bxa3 {[%emt 0:04:39]} Bb6 {[%emt 0:01:04]} 26. Bb2 {[%emt 0:03:14]} Qe5 {[%emt 0:01:47]} 27. Rd3 {[%emt 0:09:47]} Qf4 {[%emt 0:02:51]} 28. Nf3 {[%emt 0:02:06]} Qxe4 {[%emt 0:00:19]} 29. h3 {[%emt 0:01:57]} Nge3 {[%emt 0:00:57]} 30. Kf2 {[%emt 0:00:32]} Rfe8 {[%emt 0:02:21]} 31. Be2 {[%emt 0:03:52]} Nxg2 {[%emt 0:03:39]} 32. Bd1 {[%emt 0:00:00]} Ngf4 {[%emt 0:01:05]} 33. Rd2 {[%emt 0:00:00]} Qf5 {[%emt 0:00:56]} 34. Qc2 {[%emt 0:02:23]} Nxh3+ {[%emt 0:01:13]} 35. Kg3 {[%emt 0:00:35]} Qg4+ {[%emt 0:04:45]} 36. Kh2 {[%emt 0:00:03]} Bc7+ {[%emt 0:01:04]} 37. Ne5 {[%emt 0:00:01]} Qh4 {[%emt 0:00:44]} 38. Kg2 {[%emt 0:00:50]} Ne3+ {[%emt 0:00:18]} 0-1